| 000 | 004103111a2200157 4500 | ||
|---|---|---|---|
| 005 | 20140412111322.0 | ||
| 008 | 140211s1993 xx 000 0 und d | ||
| 020 | _a0-88149-812-2 | ||
| 050 |
_aER _bPe44 1993 |
||
| 245 | 0 | 0 | _aPeter Pan. |
| 260 |
_aNewark, NJ : _bPeter Pan Industries, Inc, _c1993. |
||
| 300 | _a1 v. (unp.) ; ill. | ||
| 650 | 4 | _aFairy Tales | |
| 650 | 4 | _aChildren's stories | |
| 999 |
_c104406 _d104406 |
||